Statistiques concernant 90 degrés méridiens de l'ouest des pays

Cliquez ici pour prendre le quiz!

Statistiques générales

  • Ce quiz a été pris 27 fois
  • Le résultat moyen est 18 sur 20

Statistiques - réponses

degréspays% Correct
0.77°Belize
92%
Canada
92%
4.05°Costa Rica
92%
0.02°Équateur
92%
Etats-Unis
92%
Guatemala
92%
Mexique
92%
2.30°Nicaragua
92%
6.94°Panama
92%
15.96°Brésil
88%
11.00°Colombie
88%
5.04°Cuba
88%
0.64°Honduras
88%
8.67°Pérou
88%
16.40°Argentine
84%
14.27°Chili
84%
15.51°Haïti
84%
Salvador
84%
11.63°Jamaïque
80%
10.69°Bahamas
68%

Distribution des résultats

Percentile par nombre de réponses

% des personnes avec chaque résultat

Votre développement - résultats

Vous n’avez pas pris ce quiz